UM Logo

Business: (Record no. 3489)

MARC details
000 -LEADER
fixed length control field 00373nam a22001337a 4500
008 - FIXED-LENGTH DATA ELEMENTS--GENERAL INFORMATION
fixed length control field 160716b xxu||||| |||| 00| 0 eng d
020 ## - INTERNATIONAL STANDARD BOOK NUMBER
International Standard Book Number 0-7382-0242-8
082 ## - DEWEY DECIMAL CLASSIFICATION NUMBER
Classification number DC 650 B96 2002
245 ## - TITLE STATEMENT
Title Business:
Remainder of title the ultimate resource.
260 ## - PUBLICATION, DISTRIBUTION, ETC. (IMPRINT)
Place of publication, distribution, etc. Cambridge:
Name of publisher, distributor, etc. Perseus Publishing,
Date of publication, distribution, etc. c2002.
300 ## - PHYSICAL DESCRIPTION
Extent xxxv, 2172 pages;
Dimensions 29 cm.
650 #0 - SUBJECT ADDED ENTRY--TOPICAL TERM
9 (RLIN) 11645
Topical term or geographic name as entry element Business.
942 ## - ADDED ENTRY ELEMENTS (KOHA)
Source of classification or shelving scheme Dewey Decimal Classification
Koha item type Circulation
Holdings
Withdrawn status Lost status Source of classification or shelving scheme Damaged status Not for loan Collection code Home library Current library Date acquired Total Checkouts Full call number Barcode Date last seen Price effective from Koha item type
    Dewey Decimal Classification     Circulation UM Digos College - LIC UM Digos College - LIC 07/16/2016   DC 650 B96 2002 17663 05/15/2025 07/16/2016 Circulation